00943 a2200181 4500003000500000005001700005010001600022020001500038040000900053082001400062100001900076245004100095250001200136260003100148300003500179505053300214650001400747Nust20221013114438.0 a 80010730 a0801629888 cNust00a575.1,LEV1 aLevine, Louis,10aBiology of the gene /cLouis Levine. a3rd ed. aSt. Louis :bMosby,c1980. axvii, 542 p. :bill. ;c24 cm. aNature and Functions of Hereditary Material (Page-1), Physical Basic of Inheritance (Page-48), Fundamentals of Genetics (Page-93), Multiple-Factor Inheritance (Page-125), Sex Chromosomes and Sex Determination (Page-149), Chromosome Numbers (Page-176), Genes and Chromosomes (Page-205), Extrachromomal Inheritance (Page-254), The Nature of The Gene (Page-285), Genes and Metabolism (Page-318), Genes and Development (Page-349) Behavior Genetics (Page-394), Genes in Populations (Page-434), Race and Species formation (Page-477).  0aGenetics.